000
00333 a2200157 4500
001
48710
040
_c
Anchieta - Bela Vista
100
_a
Bandeira, Pedro
240
1
0
_a
A onça e o saci
_l
por
245
1
0
_a
A onça e o saci
300
_a
32
362
0
_a
2003
440
1
_a
Moderna
650
4
_a
Literatura infantil
942
_c
BK
999
_c
48710
_d
48710